Pracovný pomer dojednaný na určitú dobu a jeho skončenie

Právna úprava pracovného pomeru dojednaného na určitú dobu. Skončenie pracovného pomeru dojednaného na určitú dobu. Určenie okamihu skončenia pracovného pomeru kalendárnym údajom. Určenie okamihu skončenia pracovného pomeru na dobu trvania určitých prác. Určenie okamihu skončenia pracovného pomeru k...

Descrizione completa

Salvato in:
Dettagli Bibliografici
Autore principale: Rybárová, Mária
Natura: Capitolo di libro
Lingua:slovacco
Soggetti:
Tags: Aggiungi Tag
Nessun Tag, puoi essere il primo ad aggiungerne!!

MARC

LEADER 00000naa a2200000 4500
001 r037339
005 20231002080555.1
041 0 |a slo 
044 |a SK 
245 1 0 |a Pracovný pomer dojednaný na určitú dobu a jeho skončenie  |c Mária Rybárová 
520 |a Právna úprava pracovného pomeru dojednaného na určitú dobu. Skončenie pracovného pomeru dojednaného na určitú dobu. Určenie okamihu skončenia pracovného pomeru kalendárnym údajom. Určenie okamihu skončenia pracovného pomeru na dobu trvania určitých prác. Určenie okamihu skončenia pracovného pomeru kombinovaným spôsobom. Zmena pracovného pomeru dojednaného na určitú dobu na pracovný pomer na neurčitý čas. 
610 2 0 |a pomer pracovný 
610 2 0 |a skončenie pomeru pracovného 
610 2 0 |a zákonník práce 
610 2 0 |a úpravy právne 
610 2 0 |a zmluvy pracovné 
610 2 0 |a zamestnávatelia 
100 1 |a Rybárová, Mária